| 000 -LEADER |
| fixed length control field |
00772nam a22002537a 4500 |
| 005 - DATE AND TIME OF LATEST TRANSACTION |
| control field |
20260122160021.0 |
| 008 - FIXED-LENGTH DATA ELEMENTS--GENERAL INFORMATION |
| fixed length control field |
240305b ||||| |||| 00| 0 eng d |
| 020 ## - INTERNATIONAL STANDARD BOOK NUMBER |
| International Standard Book Number |
4586540184 |
| 040 ## - CATALOGING SOURCE |
| Original cataloging agency |
SSBUL |
| Transcribing agency |
SSBUL |
| 082 ## - DEWEY DECIMAL CLASSIFICATION NUMBER |
| Edition number |
23 |
| Classification number |
730.952 |
| Item number |
Ir 21516 S-SAT |
| 100 1# - MAIN ENTRY--PERSONAL NAME |
| Personal name |
Irie, Taikichi |
| 9 (RLIN) |
37528 |
| 245 10 - TITLE STATEMENT |
| Title |
Buddhist images / |
| Statement of responsibility, etc. |
Taikichi Irie and Shigeni Aoyama. |
| 250 ## - EDITION STATEMENT |
| Edition statement |
eight edition. |
| 260 ## - PUBLICATION, DISTRIBUTION, ETC. |
| Place of publication, distribution, etc. |
Japan : |
| Name of publisher, distributor, etc. |
Hoikusha publishing Co., Ltd, |
| Date of publication, distribution, etc. |
1970. |
| 300 ## - PHYSICAL DESCRIPTION |
| Extent |
136 pages ; |
| Other physical details |
plates ; |
| Dimensions |
15 cm. |
| 500 ## - GENERAL NOTE |
| General note |
Shigeni Aoyama |
|
| General note |
S-SAT: Dr. Prof Sai Aung Tun |
| 650 ## - SUBJECT ADDED ENTRY--TOPICAL TERM |
| Topical term or geographic name entry element |
Buddhist sculpture |
| 9 (RLIN) |
34307 |
|
| Topical term or geographic name entry element |
Buddhist art |
| 9 (RLIN) |
7471 |
|
| Topical term or geographic name entry element |
Japanese Sculpture |
| 9 (RLIN) |
37529 |
| 651 ## - SUBJECT ADDED ENTRY--GEOGRAPHIC NAME |
| Geographic name |
Japan |
| 9 (RLIN) |
22437 |
| 700 ## - ADDED ENTRY--PERSONAL NAME |
| Personal name |
Aoyama, Shigeni |
| 9 (RLIN) |
37536 |
| 942 ## - ADDED ENTRY ELEMENTS (KOHA) |
| Source of classification or shelving scheme |
|
| Koha item type |
Book (Short term) |